| 000 | 02016nam a22002537a 4500 | ||
|---|---|---|---|
| 003 | OSt | ||
| 005 | 20180116192409.0 | ||
| 008 | 120712t 2011xxu||||| |||| 00| 0 eng d | ||
| 020 | _a3836531984 (paperback) | ||
| 020 | _a9783836531986 (paperback) | ||
| 040 | _c0 | ||
| 082 | _a720.1 | ||
| 245 | 1 | 0 |
_aArchitecture theory _bfrom the Renaissance to the presentfrom the Renaissance to the present 89 essays on 117 treatises/ _cWith a Preface by Bernd Evers and an Introduction by Christof Thoenes _hVOL -1 |
| 260 |
_aHohenzollernring : _bTaschen. _c2011. |
||
| 300 |
_a399 p. : _bill . _c26 cm. |
||
| 520 | _a Architects on their favorite subject If you’ve ever wondered what goes through architects’ minds when they design buildings, you’ll be happy to know that there’s no shortage of brilliant reading material to satisfy your curiosity. Wading through the archives at your local library may prove fruitful to your endeavor, but it won’t give you the instant gratification that Architecture Theory will. This book brings together all of the most important and influential essays about architecture written since the Renaissance, copiously illustrated and neatly organized chronologically by country. From Alberti and Palladio to Le Corbusier and Koolhaas, the best treatises by architecture’s greatest masters are gathered here, each accompanied by an essay discussing its historical context and significance. This is the all-in-one, must-have book for anyone interested in what architects have to say about their craft. The comprehensive overview that will help transform even the most uninformed novices into well-informed connoisseurs! | ||
| 650 |
_aArchitecture _xHistoriography _95598 |
||
| 650 |
_aArchitecture _xPhilosophy _95599 |
||
| 700 |
_aEvers, Bernd. _95600 |
||
| 700 |
_aThoenes, Christof. _95601 |
||
| 942 |
_2ddc _cREF |
||
| 999 |
_c353490 _d353490 |
||